أنا عشقت : (Record no. 24937)

MARC details
000 -الفاتح
حقل البيانات ثابتة الطول 00729nam a22002415a 4500
003 - محدد رقم الضبط
رقم الضبط OSt
005 - وقت وتاريخ اخر تعامل مع التسجيلة
رقم الضبط 20170622095634.0
008 - عناصر البيانات ثابتة الطول - معلومات عامة
حقل البيانات ثابتة الطول 170621s2014 ua gr 000 f ara d
017 ## - رقم الإيداع القانونى
رقم الإيداع القانونى 2012 / 21547
020 ## - الرقم الدولى المعيارى للكتب
الرقم الدولى المعيارى للكتاب 9789770930977
040 ## - مصدر الفهرسة
وكالة الفهرسة الأصلية EG-ScBUE
لغة الفهرسة ara
وكالة النسخ EG-ScBUE
082 04 - رقم تصنيف ديوى العشرى
رقم التصنيف 892.737
رقم المادة ق ن د
رقم الطبعة 22
100 1# - المدخل الرئيسى - إسم شخصى
الإسم الشخصى قنديل، محمد المنسي.
9 (RLIN) 28133
245 10 - بيان العنوان
العنوان أنا عشقت :
بقية العنوان رواية /
بيان المسئوليه,etc محمد المنسي قنديل.
250 ## - بيان الطبعة
بيان الطبعة ط. 5.
260 ## - PUBLICATION, DISTRIBUTION, ETC. (IMPRINT)
مكان الناشر او الموزع القاهرة :
اسم الناشر او الموزع دار الشروق،
تاريخ النشر أو التوزيع 2014.
300 ## - الوصف المادى
التعداد 436 ص. ؛
أبعاد الوعاء 24 سم.
590 ## - تبصرة محلية(RLIN)
تبصرة محلية دعاء
650 #7 - المدخل الاضافى بالموضوع-مصطلح موضوعى
مصطلح موضوعي أو اسم جغرافي كعنصر مدخل القصص العربية
التقسيم الفرعي الجغرافي مصر
التقسيم الفرعي الزمني قرن 21.
مصدر الرأس أو المصطلح BUEsh
9 (RLIN) 34544
651 ## - المدخل الاضافى بالموضوع - اسم جغرافى
مصدر الرأس أو المصطلح BUEsh
653 ## - مصطلح تكشيفى غير مقيد
Resource For college Generalities
Arrived date list June2017
942 ## - عناصر المدخل الإضافي( كوها)
مصدر التصنيف او مخطط الترفيف Dewey Decimal Classification
Holdings
حالة التراجع حالة الفقد مصدر التصنيف او خطة الترفيف حالة تلف ليس للاعارة المكان الدائم المكان الحالي موقع الترفيف تاريخ الاكتساب Source of acquisition سعر الشراء الطبيعي تعداد مسلسل / التسلسل الزمني رقم الاستدعاء الباركود Date last seen مُعار التكلفة نوع الوعاء تبصرة عامة
    Dewey Decimal Classification     Central Library Central Library Group Study Rooms 21/06/2017 Purchase 15.00 000203 892.737 ق ن د 000046122 15/07/2025 21/02/2023 18.75 Book - Borrowing Room (D) - محمد المنسي قنديل